| 000 | 01349nam a2200337Ia 4500 | ||
|---|---|---|---|
| 001 | ebr10562406 | ||
| 003 | CaPaEBR | ||
| 006 | m u | ||
| 007 | cr cn||||||||| | ||
| 008 | 120308s2012 ne sb 001 0 eng d | ||
| 010 | _z 2012007522 | ||
| 020 | _z9789004227835 | ||
| 020 | _z9789004229334 | ||
| 040 |
_aCaPaEBR _cCaPaEBR |
||
| 035 | _a(OCoLC)797843017 | ||
| 050 | 1 | 4 |
_aU854 _b.W55 2012eb |
| 082 | 0 | 4 |
_a623.4/41 _223 |
| 100 | 1 |
_aWilliams, Alan _q(Alan R.) |
|
| 245 | 1 | 4 |
_aThe sword and the crucible _h[electronic resource] : _ba history of the metallurgy of European swords up to the 16th century / _cby Alan Williams. |
| 260 |
_aLeiden ; _aBoston : _bBrill, _c2012. |
||
| 300 | _aviii, 292 p. | ||
| 490 | 1 |
_aHistory of warfare, _x1385-7827 ; _vv. 77 |
|
| 504 | _aIncludes bibliographical references and index. | ||
| 533 |
_aElectronic reproduction. _bPalo Alto, Calif. : _cebrary, _d2013. _nAvailable via World Wide Web. _nAccess may be limited to ebrary affiliated libraries. |
||
| 650 | 0 |
_aMetallurgy _zEurope _xHistory _yTo 1500. |
|
| 650 | 0 |
_aSwords _zEurope _xHistory _yTo 1500. |
|
| 655 | 7 |
_aElectronic books. _2local |
|
| 710 | 2 | _aebrary, Inc. | |
| 830 | 0 |
_aHistory of warfare ; _vv. 77. |
|
| 856 | 4 | 0 |
_uhttp://site.ebrary.com/lib/rucke/Doc?id=10562406 _zAn electronic book accessible through the World Wide Web; click to view |
| 999 |
_c94808 _d94808 |
||